[Event "4NCL Division 1a"]
[Site "Telford, ENG"]
[Date "2017.03.04"]
[Round "7.11"]
[White "Pigott, John C"]
[Black "Howell, David W L"]
[Result "0-1"]
[WhiteElo "2384"]
[BlackElo "2657"]
[PlyCount "46"]
[EventDate "2017.03.04"]
[WhiteTeam "Kings Head"]
[BlackTeam "Cheddleton 1"]

1. e4 c6 2. d4 d5 3. e5 Bf5 4. Nf3 e6 5. Be2 Ne7 6. O-O h6 7. Nbd2 Nd7 8. Nb3
Qc7 9. Bd2 Rd8 10. Rc1 Nc8 11. Ne1 Ncb6 12. Ba5 c5 13. dxc5 Bxc5 14. c4 dxc4
15. Rxc4 Qxe5 16. Nd3 Bxd3 17. Qxd3 Nxc4 18. Bxd8 Nxb2 19. Qb5 Kxd8 20. Nxc5
Nxc5 21. Qa5+ Ke7 22. Qxa7 Rd8 23. Bb5 Rd1 0-1

[Event "4NCL Division 1a"]
[Site "Telford, ENG"]
[Date "2017.03.04"]
[Round "7.12"]
[White "Fodor, Tamas Jr"]
[Black "Tukpetov, Evgeny"]
[Result "1-0"]
[WhiteElo "2511"]
[BlackElo "2247"]
[PlyCount "57"]
[EventDate "2017.03.04"]
[WhiteTeam "Cheddleton 1"]
[BlackTeam "Kings Head"]

1. d4 e6 2. c4 Nf6 3. Nc3 Bb4 4. Qc2 O-O 5. e4 c5 6. e5 cxd4 7. a3 dxc3 8. axb4
Ng4 9. Qxc3 d6 10. exd6 Qxd6 11. Nf3 e5 12. h3 Nf6 13. Be3 Re8 14. Be2 Ne4 15.
Qb3 Nc6 16. c5 Qg6 17. Qa4 f5 18. b5 f4 19. Nh4 Qf6 20. Qxe4 fxe3 21. fxe3 Ne7
22. Bc4+ Be6 23. Rd1 Kh8 24. Rf1 Qh6 25. Rd6 Ng8 26. Bxe6 Rxe6 27. Nf5 Qg6 28.
Rxe6 Qxe6 29. Qxb7 1-0

[Event "4NCL Division 1a"]
[Site "Telford, ENG"]
[Date "2017.03.04"]
[Round "7.13"]
[White "Sun, Xinyue"]
[Black "Hamitevici, Vladimir"]
[Result "0-1"]
[WhiteElo "2130"]
[BlackElo "2481"]
[PlyCount "80"]
[EventDate "2017.03.04"]
[WhiteTeam "Kings Head"]
[BlackTeam "Cheddleton 1"]

1. c4 c5 2. Nc3 b6 3. e4 e6 4. Nf3 Bb7 5. d4 cxd4 6. Nxd4 a6 7. Bd3 Qc7 8. f4
Bc5 9. Nb3 Be7 10. O-O d6 11. Qg4 g6 12. f5 Nf6 13. Qe2 gxf5 14. exf5 e5 15.
Nd2 b5 16. Nde4 bxc4 17. Nxf6+ Bxf6 18. Bxc4 Rg8 19. Ne4 Qb6+ 20. Be3 Rxg2+ 21.
Kxg2 Bxe4+ 22. Kh3 Qb7 23. Qg4 Ke7 24. Bxf7 Kxf7 25. Qh5+ Kf8 26. Rg1 Qf7 27.
Qg4 Bd5 28. Rad1 Nd7 29. Bh6+ Ke7 30. Bg5 Rg8 31. Qh4 Bxa2 32. Bxf6+ Nxf6 33.
Rxg8 Qxg8 34. Rc1 Bd5 35. Rc7+ Kd8 36. Rc2 Qg7 37. Qg3 Qh6+ 38. Qh4 Qe3+ 39.
Qg3 Bf3 40. Rc4 Qd3 0-1

[Event "4NCL Division 1a"]
[Site "Telford, ENG"]
[Date "2017.03.04"]
[Round "7.14"]
[White "Williams, Simon K"]
[Black "Guthrie, David"]
[Result "1-0"]
[WhiteElo "2448"]
[BlackElo "2168"]
[PlyCount "65"]
[EventDate "2017.03.04"]
[WhiteTeam "Cheddleton 1"]
[BlackTeam "Kings Head"]

1. e4 c5 2. Be2 Nc6 3. d3 g6 4. f4 Bg7 5. Nf3 Nf6 6. O-O O-O 7. Qe1 d6 8. Qh4
Bg4 9. Nbd2 Bxf3 10. Nxf3 Nd4 11. Bd1 e6 12. Ng5 h6 13. Nh3 Nd7 14. Qg3 Kh7 15.
c3 Nc6 16. f5 Nde5 17. Bc2 exf5 18. exf5 gxf5 19. Rxf5 Ng6 20. Rh5 Nce7 21. Bf4
d5 22. Rf1 Rc8 23. Bxh6 Bxh6 24. Ng5+ Kg7 25. Rxh6 Kxh6 26. Rxf7 Rh8 27. Qh3+
Kxg5 28. Qe3+ Kh4 29. Qg3+ Kh5 30. Bd1+ Kh6 31. Qe3+ Nf4 32. Qxf4+ Kg6 33. Qf6#
1-0

[Event "4NCL Division 1a"]
[Site "Telford, ENG"]
[Date "2017.03.04"]
[Round "7.15"]
[White "Foord, Dominic"]
[Black "Arkell, Keith C"]
[Result "0-1"]
[WhiteElo "2089"]
[BlackElo "2406"]
[PlyCount "46"]
[EventDate "2017.03.04"]
[WhiteTeam "Kings Head"]
[BlackTeam "Cheddleton 1"]

1. d4 Nf6 2. c4 e6 3. Nc3 Bb4 4. Qc2 c5 5. dxc5 Na6 6. a3 Qa5 7. Bd2 Nxc5 8.
Rb1 Bxc3 9. Bxc3 Qa4 10. Qxa4 Nxa4 11. g3 Nxc3 12. bxc3 Ne4 13. Bg2 Nc5 14. Nf3
b6 15. O-O Bb7 16. Nd4 Bxg2 17. Kxg2 Ke7 18. Rfd1 Rhc8 19. Nb5 Nb7 20. Rd4 a6
21. Rbd1 d5 22. cxd5 axb5 23. dxe6 Nc5 0-1

[Event "4NCL Division 1a"]
[Site "Telford, ENG"]
[Date "2017.03.04"]
[Round "7.16"]
[White "Kirk, Ezra"]
[Black "Mackenzie, Colin"]
[Result "1-0"]
[WhiteElo "2343"]
[BlackElo "2095"]
[PlyCount "41"]
[EventDate "2017.03.04"]
[WhiteTeam "Cheddleton 1"]
[BlackTeam "Kings Head"]

1. e4 e6 2. d4 d5 3. Nc3 Bb4 4. e5 c5 5. a3 Bxc3+ 6. bxc3 Qc7 7. Qg4 f6 8. Nf3
c4 9. Be2 Nc6 10. Qg3 Qf7 11. O-O Qg6 12. exf6 gxf6 13. Qd6 Nge7 14. Nh4 Qe4
15. Bh5+ Ng6 16. g3 Nce7 17. Bh6 Kf7 18. Rac1 Re8 19. f3 Nf5 20. Nxf5 Qxf5 21.
g4 1-0

[Event "4NCL Division 1a"]
[Site "Telford, ENG"]
[Date "2017.03.04"]
[Round "7.17"]
[White "Davey, Mark"]
[Black "Connell, Blair N"]
[Result "1/2-1/2"]
[WhiteElo "2095"]
[BlackElo "2263"]
[PlyCount "130"]
[EventDate "2017.03.04"]
[WhiteTeam "Kings Head"]
[BlackTeam "Cheddleton 1"]

1. c4 c6 2. d4 d5 3. Nc3 e5 4. dxe5 d4 5. Ne4 Qa5+ 6. Bd2 Qxe5 7. Ng3 c5 8. Nf3
Qd6 9. e3 Nc6 10. Qb3 Bg4 11. Be2 O-O-O 12. O-O-O Nf6 13. exd4 cxd4 14. Be3 Qc5
15. Bd2 h6 16. h3 Be6 17. Rhe1 Bd6 18. Qb5 d3 19. Bxd3 Qxf2 20. Ne4 Nxe4 21.
Bxe4 Qc5 22. Qxc5 Bxc5 23. Bxc6 bxc6 24. Ne5 Kb7 25. b4 Bd4 26. Nxf7 Bxf7 27.
Re7+ Kb6 28. Rxf7 a5 29. Bf4 Ka6 30. bxa5 Bb2+ 31. Kc2 Rxd1 32. Kxd1 Kxa5 33.
Kc2 Bf6 34. Kb3 Re8 35. Bd2+ Ka6 36. Bxh6 Rb8+ 37. Ka4 c5 38. Bxg7 Rb4+ 39. Ka3
Bg5 40. Bb2 Rxc4 41. Rf2 Kb5 42. Kb3 Re4 43. Kc2 Bh4 44. Kd3 Ra4 45. Rc2 Rxa2
46. Be5 Ra3+ 47. Rc3 Ra2 48. g4 Rf2 49. Rb3+ Kc6 50. Kc4 Re2 51. Bb8 Re4+ 52.
Kd3 Kd5 53. Rb6 c4+ 54. Kd2 Rd4+ 55. Ke2 c3 56. Rd6+ Ke4 57. Rxd4+ Kxd4 58. Bf4
Ke4 59. Bc1 Bg3 60. Bg5 Be5 61. h4 c2 62. h5 Bb2 63. h6 c1=Q 64. Bxc1 Bxc1 65.
h7 Bb2 1/2-1/2

[Event "4NCL Division 1a"]
[Site "Telford, ENG"]
[Date "2017.03.04"]
[Round "7.18"]
[White "Steil-Antoni, Fiona"]
[Black "Gilfillan, Andrew"]
[Result "1-0"]
[WhiteElo "2152"]
[BlackElo "2072"]
[PlyCount "73"]
[EventDate "2017.03.04"]
[WhiteTeam "Cheddleton 1"]
[BlackTeam "Kings Head"]

1. e4 c5 2. Nc3 Nc6 3. f4 e6 4. Nf3 d5 5. Bb5 Nge7 6. Qe2 a6 7. Bxc6+ bxc6 8.
d3 g6 9. O-O Bg7 10. Rb1 Rb8 11. Na4 O-O 12. Nxc5 Qa5 13. Nb3 Qc7 14. Be3 a5
15. e5 a4 16. Nc5 Ra8 17. g4 h6 18. d4 Kh7 19. Qf2 Ba6 20. Rfe1 Bc4 21. b3 axb3
22. axb3 Bb5 23. Qh4 Ra2 24. Rbc1 Rh8 25. Bd2 Qa7 26. Bb4 Re8 27. c4 dxc4 28.
bxc4 Ba4 29. Ne4 Ng8 30. f5 exf5 31. gxf5 Bc2 32. Neg5+ Kh8 33. f6 Bf8 34. e6
Rxe6 35. Bxf8 Rxf6 36. Bxh6 Rf4 37. Qxf4 1-0

[Event "4NCL Division 1a"]
[Site "Telford, ENG"]
[Date "2017.03.04"]
[Round "7.21"]
[White "Hoffmann, Hendrik"]
[Black "Turner, Matthew J"]
[Result "0-1"]
[WhiteElo "2336"]
[BlackElo "2519"]
[PlyCount "68"]
[EventDate "2017.03.04"]
[WhiteTeam "Celtic Tigers "]
[BlackTeam "Barbican 4NCL 1"]

1. e4 c5 2. Nf3 Nc6 3. d4 cxd4 4. Nxd4 g6 5. Nc3 Bg7 6. Nb3 Bxc3+ 7. bxc3 Nf6
8. Bd3 d5 9. exd5 Qxd5 10. O-O Bg4 11. Qd2 O-O 12. c4 Qd6 13. Bb2 Rfd8 14. Qg5
Be6 15. f4 Ng4 16. Rae1 Nb4 17. c5 Qd5 18. Qxe7 Nxd3 19. cxd3 Re8 20. Qh4 Qd8
21. Qg3 Nh6 22. Nd4 Nf5 23. Nxe6 fxe6 24. Qf2 Qxd3 25. g4 Ng7 26. Rd1 Qb5 27.
Qd4 Re7 28. Rfe1 Rf8 29. Re3 Rff7 30. Rf1 Rd7 31. Qc3 Rd5 32. Re5 Rd3 33. Qc2
Rfd7 34. Bc3 Qc4 0-1

[Event "4NCL Division 1a"]
[Site "Telford, ENG"]
[Date "2017.03.04"]
[Round "7.22"]
[White "D'Costa, Lorin A R"]
[Black "Maciol, Ryszard"]
[Result "1-0"]
[WhiteElo "2391"]
[BlackElo "2139"]
[PlyCount "81"]
[EventDate "2017.03.04"]
[WhiteTeam "Barbican 4NCL 1"]
[BlackTeam "Celtic Tigers "]

1. Nf3 Nf6 2. c4 e6 3. g3 c5 4. Bg2 Nc6 5. O-O Be7 6. Nc3 d5 7. cxd5 exd5 8. d4
cxd4 9. Nxd4 O-O 10. Be3 Be6 11. Rc1 Qd7 12. Na4 Bh3 13. Nxc6 bxc6 14. Bc5 Rfe8
15. Qc2 Bd8 16. Bd4 Rc8 17. Rfd1 Bxg2 18. Kxg2 Ne4 19. Nc5 Nxc5 20. Bxc5 Qg4
21. e3 Bb6 22. Rd4 Qe6 23. b3 Rc7 24. Qd3 Rb7 25. Rb4 Reb8 26. Ra4 f5 27. Qc3
Rc7 28. Rd4 Rbb7 29. Qd3 Rf7 30. h4 Bd8 31. Qc2 Bf6 32. Ra4 h6 33. h5 Be5 34.
Ra6 Qe8 35. Qd3 Rf6 36. Bxa7 Qxh5 37. Bd4 Bxd4 38. Qxd4 f4 39. exf4 Qe2 40.
Raxc6 Rxc6 41. Qxd5+ 1-0

[Event "4NCL Division 1a"]
[Site "Telford, ENG"]
[Date "2017.03.04"]
[Round "7.23"]
[White "Pedersen, Carsten"]
[Black "Merry, Alan B"]
[Result "0-1"]
[WhiteElo "2165"]
[BlackElo "2411"]
[PlyCount "106"]
[EventDate "2017.03.04"]
[WhiteTeam "Celtic Tigers "]
[BlackTeam "Barbican 4NCL 1"]

1. e4 d5 2. exd5 Qxd5 3. Nc3 Qd6 4. d4 g6 5. g3 Bg7 6. Nge2 Nf6 7. Bg2 O-O 8.
O-O c6 9. Bf4 Qd8 10. Qd2 Re8 11. Rfe1 Be6 12. Rad1 Nbd7 13. d5 cxd5 14. Nxd5
Nxd5 15. Bxd5 Nc5 16. Bxe6 Nxe6 17. Qxd8 Rexd8 18. Be3 b5 19. c3 Kf8 20. Nf4
Nxf4 21. Bxf4 Ke8 22. Kf1 a5 23. a4 bxa4 24. Ra1 Rd5 25. Rxa4 Rb5 26. Bd6 e6
27. Ba3 Rd8 28. h4 h5 29. Re2 Rd1+ 30. Re1 Rd3 31. Re2 Rf5 32. Ke1 Kd7 33. Rae4
Rfd5 34. Kf1 e5 35. R4e3 f5 36. f3 Bf6 37. Rxd3 Rxd3 38. Kf2 a4 39. Re3 Rd2+
40. Re2 Rxe2+ 41. Kxe2 f4 42. Kf2 Ke6 43. c4 Kf5 44. Kg2 fxg3 45. Kxg3 e4 46.
fxe4+ Kxe4 47. Kh3 Be5 48. Kg2 Kd4 49. c5 Kd5 50. Kf3 Bf6 51. Kg3 Kc6 52. Kh3
Bd8 53. Kg3 Be7 0-1

[Event "4NCL Division 1a"]
[Site "Telford, ENG"]
[Date "2017.03.04"]
[Round "7.24"]
[White "Dorrington, Chris J"]
[Black "Quinn, John M"]
[Result "0-1"]
[WhiteElo "2329"]
[BlackElo "2152"]
[PlyCount "62"]
[EventDate "2017.03.04"]
[WhiteTeam "Barbican 4NCL 1"]
[BlackTeam "Celtic Tigers "]

1. d4 Nf6 2. c4 g6 3. Nf3 Bg7 4. Nc3 O-O 5. e4 d6 6. Be2 e5 7. O-O Nc6 8. d5
Ne7 9. b4 Nh5 10. Re1 Nf4 11. Bf1 a5 12. bxa5 Rxa5 13. Nd2 f5 14. g3 Nh5 15.
exf5 Nxf5 16. Nb3 Ra8 17. Ne4 Nf6 18. Bg2 Nxe4 19. Bxe4 Qf6 20. Qc2 b6 21. Bb2
Qg5 22. Qe2 Bd7 23. h4 Qe7 24. Kg2 Rf7 25. Rh1 h5 26. Nd2 Raf8 27. Nf3 Nd4 28.
Bxd4 exd4 29. Rab1 Bg4 30. Rb3 Rxf3 31. Rxf3 Rxf3 0-1

[Event "4NCL Division 1a"]
[Site "Telford, ENG"]
[Date "2017.03.04"]
[Round "7.25"]
[White "Haussernot, Cecile"]
[Black "Taylor, Martin R"]
[Result "0-1"]
[WhiteElo "2120"]
[BlackElo "2338"]
[PlyCount "78"]
[EventDate "2017.03.04"]
[WhiteTeam "Celtic Tigers "]
[BlackTeam "Barbican 4NCL 1"]

1. Nf3 d5 2. g3 Nf6 3. Bg2 Bf5 4. O-O e6 5. d3 Be7 6. Nbd2 h6 7. b3 O-O 8. Bb2
c5 9. c4 Nc6 10. cxd5 exd5 11. Rc1 d4 12. a3 a5 13. Nc4 Re8 14. Nce5 Nxe5 15.
Nxe5 Bf8 16. Nc4 b5 17. Bxa8 Qxa8 18. Nd2 Bh3 19. Nf3 Bxf1 20. Qxf1 Nd5 21. Nd2
f5 22. Re1 a4 23. Qh3 Nc3 24. Qh5 Qc6 25. e4 g6 26. Qf3 axb3 27. Bxc3 dxc3 28.
Nxb3 c4 29. Nd4 Qd7 30. Ne2 Qxd3 31. Qxd3 cxd3 32. Nxc3 Rc8 33. Nb1 b4 34. a4
b3 35. a5 b2 36. a6 Rc1 37. a7 d2 38. Rd1 Rxd1+ 39. Kg2 Rg1+ 0-1

[Event "4NCL Division 1a"]
[Site "Telford, ENG"]
[Date "2017.03.04"]
[Round "7.26"]
[White "Cox, John J"]
[Black "Evans, Craig"]
[Result "1-0"]
[WhiteElo "2317"]
[BlackElo "1996"]
[PlyCount "51"]
[EventDate "2017.03.04"]
[WhiteTeam "Barbican 4NCL 1"]
[BlackTeam "Celtic Tigers "]

1. c4 e6 2. Nf3 Nf6 3. Nc3 Bb4 4. g3 O-O 5. Bg2 d5 6. d4 dxc4 7. O-O c6 8. Ne5
c5 9. dxc5 Qc7 10. Nxc4 Bxc5 11. Qb3 Nc6 12. Be3 Bxe3 13. Nxe3 Qe5 14. Rfd1 Qh5
15. Bf3 Qh6 16. Ne4 Ne5 17. Bg2 Nfg4 18. Nxg4 Nxg4 19. h3 Ne5 20. Rac1 Rb8 21.
Rc7 a6 22. Qb6 f5 23. Nd6 Ra8 24. f4 Nd7 25. Qe3 e5 26. Qb3+ 1-0

[Event "4NCL Division 1a"]
[Site "Telford, ENG"]
[Date "2017.03.04"]
[Round "7.27"]
[White "Larter, Nick J"]
[Black "Jackson, James P"]
[Result "0-1"]
[WhiteElo "1816"]
[BlackElo "2272"]
[PlyCount "70"]
[EventDate "2017.03.04"]
[WhiteTeam "Celtic Tigers "]
[BlackTeam "Barbican 4NCL 1"]

1. e4 g6 2. c4 Bg7 3. Nc3 c5 4. g3 Nc6 5. Bg2 Nf6 6. Nge2 O-O 7. O-O a6 8. Rb1
Rb8 9. d3 b5 10. b3 Ne8 11. Be3 d6 12. Qd2 Nc7 13. h3 Ne6 14. Kh2 Ned4 15. f4
Bd7 16. f5 Qa5 17. Rbc1 Nxe2 18. Nxe2 Qxd2 19. Bxd2 Ne5 20. fxg6 hxg6 21. Nf4
Bc6 22. Rcd1 a5 23. Be3 a4 24. Nd5 Bxd5 25. cxd5 Rfc8 26. Rf2 Ra8 27. Rc2 axb3
28. axb3 Ra3 29. d4 Rxb3 30. dxe5 Rxe3 31. exd6 exd6 32. Ra2 Be5 33. Ra7 Rxg3
34. Kh1 c4 35. Rb7 c3 0-1

[Event "4NCL Division 1a"]
[Site "Telford, ENG"]
[Date "2017.03.04"]
[Round "7.28"]
[White "Bhatia, Kanwal K"]
[Black "Buttell, David"]
[Result "1/2-1/2"]
[WhiteElo "2077"]
[BlackElo "1748"]
[PlyCount "96"]
[EventDate "2017.03.04"]
[WhiteTeam "Barbican 4NCL 1"]
[BlackTeam "Celtic Tigers "]

1. e4 c5 2. c3 d5 3. exd5 Qxd5 4. d4 Nc6 5. Nf3 Bg4 6. Be2 e6 7. O-O Nf6 8. Be3
cxd4 9. cxd4 Bb4 10. a3 Ba5 11. h3 Bh5 12. Nc3 Bxc3 13. bxc3 O-O 14. Rb1 b6 15.
Bf4 Bg6 16. Rc1 Qa5 17. Qb3 Qf5 18. Bg3 Na5 19. Qa4 Qe4 20. Rfe1 Qd5 21. Ne5
Be4 22. f3 Bf5 23. Bf2 Qb3 24. Bd1 Qxa4 25. Bxa4 b5 26. Bd1 h6 27. g4 Bh7 28.
Bc2 Bxc2 29. Rxc2 Rfc8 30. Rb1 a6 31. Nd3 Nd5 32. Nc5 Nc4 33. Ra1 Ncb6 34. Be1
e5 35. Bg3 exd4 36. cxd4 Re8 37. Ne4 Nc4 38. Nd6 Nxd6 39. Bxd6 Re6 40. Bc5 Rae8
41. Raa2 Nf4 42. h4 g5 43. h5 Re3 44. Kf2 Nd3+ 45. Kg3 Ne1 46. Rf2 Nd3 47. Rfd2
Ne1 48. Rf2 Nd3 1/2-1/2

[Event "4NCL Division 1a"]
[Site "Telford, ENG"]
[Date "2017.03.04"]
[Round "7.31"]
[White "Toma, Katarzyna"]
[Black "Fernandez, Daniel Howard"]
[Result "0-1"]
[WhiteElo "2242"]
[BlackElo "2477"]
[PlyCount "138"]
[EventDate "2017.03.04"]
[WhiteTeam "South Wales Dragons"]
[BlackTeam "Guildford 2"]

1. e4 e5 2. Nf3 Nf6 3. Nxe5 d6 4. Nf3 Nxe4 5. Nc3 Nf6 6. d4 Be7 7. d5 O-O 8.
Be2 a6 9. a4 Bf5 10. O-O Ne4 11. Nxe4 Bxe4 12. Bd3 Bxd3 13. Qxd3 Nd7 14. Re1
Bf6 15. c3 Ne5 16. Nxe5 Bxe5 17. f4 Bf6 18. Bd2 Qd7 19. Re4 c6 20. Rae1 Qf5 21.
c4 Bxb2 22. Qb3 cxd5 23. cxd5 Bf6 24. Qxb7 h5 25. Ba5 Rac8 26. Bb6 Rc2 27. Bf2
Bc3 28. Qb3 Bxe1 29. Qxc2 Bxf2+ 30. Kxf2 Qxd5 31. Qc4 Qf5 32. Qd4 Rc8 33. Re2
Qc5 34. Rd2 d5 35. Qxc5 Rxc5 36. Ke3 Kh7 37. g3 Kg6 38. Kd4 Rc4+ 39. Kxd5 Rxa4
40. Ke5 f6+ 41. Ke6 Re4+ 42. Kd5 Kf5 43. Ra2 Re1 44. Rxa6 Re2 45. Ra7 g6 46.
Kd6 h4 47. Rh7 Rxh2 48. gxh4 Kxf4 49. Ke6 f5 50. Rh6 Ke3 51. Rxg6 f4 52. Kf5
Rxh4 53. Kg5 Rh1 54. Re6+ Kf3 55. Rf6 Rg1+ 56. Kf5 Rg8 57. Ke5 Kg3 58. Ke4 Re8+
59. Kd3 f3 60. Rf7 f2 61. Rg7+ Kf3 62. Rf7+ Kg2 63. Rg7+ Kf1 64. Kd2 Rd8+ 65.
Kc2 Rc8+ 66. Kd2 Rd8+ 67. Kc2 Rd4 68. Kc3 Rd1 69. Kc2 Rd5 0-1

[Event "4NCL Division 1a"]
[Site "Telford, ENG"]
[Date "2017.03.04"]
[Round "7.32"]
[White "Zhou, Yang-Fan"]
[Black "Cooper, John G"]
[Result "1-0"]
[WhiteElo "2500"]
[BlackElo "2263"]
[PlyCount "55"]
[EventDate "2017.03.04"]
[WhiteTeam "Guildford 2"]
[BlackTeam "South Wales Dragons"]

1. e4 c5 2. Nf3 e6 3. b3 a6 4. Bb2 Nc6 5. g3 d6 6. Bg2 Nf6 7. Qe2 Be7 8. d4
cxd4 9. Nxd4 Bd7 10. O-O O-O 11. Rd1 Qc7 12. c4 Rad8 13. Nc2 b5 14. Nc3 b4 15.
Nb1 d5 16. e5 Ne4 17. cxd5 exd5 18. Rxd5 Nc5 19. Nd2 Be6 20. Rxd8 Rxd8 21. Nf3
Qd7 22. Ne3 Qd3 23. Bf1 Qxe2 24. Bxe2 Nd3 25. Bxd3 Rxd3 26. Rc1 Nd8 27. Kf1 a5
28. Bd4 1-0

[Event "4NCL Division 1a"]
[Site "Telford, ENG"]
[Date "2017.03.04"]
[Round "7.33"]
[White "Kett, Tim"]
[Black "Sarakauskas, Gediminas"]
[Result "0-1"]
[WhiteElo "2193"]
[BlackElo "2414"]
[PlyCount "68"]
[EventDate "2017.03.04"]
[WhiteTeam "South Wales Dragons"]
[BlackTeam "Guildford 2"]

1. e4 c5 2. c3 Nf6 3. e5 Nd5 4. Nf3 e6 5. d4 cxd4 6. cxd4 b6 7. Nc3 Nxc3 8.
bxc3 Qc7 9. Bd2 Bb7 10. Bd3 d6 11. O-O Nd7 12. Re1 dxe5 13. Nxe5 Nxe5 14. dxe5
Rd8 15. Bg5 Be7 16. Bb5+ Bc6 17. Bxc6+ Qxc6 18. Qg4 Bxg5 19. Qxg5 O-O 20. Re3
Qa4 21. h4 h6 22. Qg3 Rd2 23. Rae1 Rc8 24. Re4 Rc4 25. f3 Qxa2 26. Rxc4 Qxc4
27. Re4 Qxc3 28. Rg4 Qc5+ 29. Kh2 Qf8 30. Rc4 b5 31. Rc7 Qb8 32. Rc6 b4 33. f4
b3 34. Qc3 Rc2 0-1

[Event "4NCL Division 1a"]
[Site "Telford, ENG"]
[Date "2017.03.04"]
[Round "7.34"]
[White "Flear, Glenn C"]
[Black "Redmond, John P"]
[Result "1-0"]
[WhiteElo "2426"]
[BlackElo "2209"]
[PlyCount "73"]
[EventDate "2017.03.04"]
[WhiteTeam "Guildford 2"]
[BlackTeam "South Wales Dragons"]

1. d4 e6 2. c4 Nf6 3. Nc3 Bb4 4. e3 d5 5. Nf3 O-O 6. Bd3 b6 7. O-O Bb7 8. cxd5
exd5 9. Bd2 Nbd7 10. Rc1 a6 11. Ne5 Bd6 12. f4 c5 13. Qf3 Re8 14. g4 Ne4 15.
Be1 cxd4 16. exd4 Nxc3 17. Rxc3 Nf8 18. Bf2 Rc8 19. Rfc1 Rxc3 20. Rxc3 f6 21.
Nc6 Qd7 22. Qxd5+ Kh8 23. Qf3 Bb4 24. Rc2 Bc5 25. d5 Re1+ 26. Kg2 Bxf2 27. Kxf2
Re8 28. Re2 Rxe2+ 29. Kxe2 Qd6 30. Qe4 Kg8 31. Qb4 Qxb4 32. Nxb4 a5 33. Nc6 Nd7
34. Ke3 g6 35. Kd4 Kf8 36. Bb5 Nc5 37. Nxa5 1-0

[Event "4NCL Division 1a"]
[Site "Telford, ENG"]
[Date "2017.03.04"]
[Round "7.35"]
[White "Zeidler, Sven P"]
[Black "Kilpatrick, Callum"]
[Result "1/2-1/2"]
[WhiteElo "2190"]
[BlackElo "2355"]
[PlyCount "139"]
[EventDate "2017.03.04"]
[WhiteTeam "South Wales Dragons"]
[BlackTeam "Guildford 2"]

1. e4 e5 2. Nf3 Nc6 3. Nc3 Nf6 4. Be2 Bb4 5. Nd5 Ba5 6. O-O d6 7. d4 h6 8. c3
exd4 9. b4 Bb6 10. Nxb6 axb6 11. b5 Ne7 12. Qxd4 Ng6 13. e5 dxe5 14. Nxe5 Qxd4
15. cxd4 Ne7 16. Bf3 Ned5 17. a4 O-O 18. Bd2 Bf5 19. h3 Rfd8 20. Ra3 Ne4 21.
Bxe4 Bxe4 22. Rfa1 f6 23. Ng4 h5 24. Ne3 Nf4 25. f3 Bg6 26. Bc3 Ne2+ 27. Kf2
Nxd4 28. Bxd4 Rxd4 29. Rc1 Rd2+ 30. Ke1 Rd7 31. Rac3 Re8 32. Kf2 Ree7 33. g4
hxg4 34. hxg4 Rd2+ 35. Kg3 Bd3 36. Nd5 Rd7 37. Nf4 Be2 38. Rxc7 Bd1 39. Rxd7
Rxd7 40. Rc4 Kf7 41. Kf2 g5 42. Ne2 Bb3 43. Rb4 Be6 44. Nd4 Rc7 45. Nxe6 Kxe6
46. Ke3 Rc3+ 47. Ke4 Rc1 48. f4 Re1+ 49. Kd3 Rd1+ 50. Ke3 Re1+ 51. Kd3 Rd1+ 52.
Ke2 Ra1 53. Rd4 Ra3 54. Kf2 Rc3 55. Kg2 Ra3 56. Kf2 gxf4 57. Rxf4 Ke5 58. Rf5+
Ke6 59. Rf4 Rd3 60. Ke2 Rc3 61. Kd2 Rg3 62. Ke2 Ke5 63. Rf5+ Ke6 64. Rf4 Rg2+
65. Kf3 Ra2 66. Ke3 Ke5 67. Rf5+ Ke6 68. Rf4 Ke5 69. Rf5+ Ke6 70. Rf4 1/2-1/2

[Event "4NCL Division 1a"]
[Site "Telford, ENG"]
[Date "2017.03.04"]
[Round "7.36"]
[White "Wall, Gavin"]
[Black "James, David J"]
[Result "1-0"]
[WhiteElo "2343"]
[BlackElo "2123"]
[PlyCount "89"]
[EventDate "2017.03.04"]
[WhiteTeam "Guildford 2"]
[BlackTeam "South Wales Dragons"]

1. e4 c5 2. Nf3 a6 3. c4 d6 4. d4 cxd4 5. Nxd4 Nf6 6. Nc3 e6 7. Be3 Be7 8. g4
Nc6 9. g5 Nd7 10. h4 Rb8 11. f4 Nxd4 12. Qxd4 e5 13. Qd2 exf4 14. Bxf4 Ne5 15.
O-O-O Qa5 16. Nd5 Qxd2+ 17. Rxd2 Bg4 18. Bxe5 dxe5 19. Bh3 Bxh3 20. Nc7+ Kf8
21. Rxh3 Rc8 22. Rd7 h6 23. g6 fxg6 24. b3 b5 25. cxb5 axb5 26. Kb2 b4 27. Rf3+
Bf6 28. Ne6+ Ke8 29. Rb7 g5 30. h5 Rg8 31. Nc7+ Ke7 32. Nd5+ Kd6 33. Rxb4 g4
34. Rb6+ Kd7 35. Rd3 Ke8 36. Rg3 Bg5 37. a4 Rf8 38. Ka3 Rf3 39. Rxg4 Rh3 40. a5
Rxh5 41. a6 Rh1 42. Kb4 Ra1 43. Kb5 Bd8 44. Rxg7 Bxb6 45. Rg8+ 1-0

[Event "4NCL Division 1a"]
[Site "Telford, ENG"]
[Date "2017.03.04"]
[Round "7.37"]
[White "Morris, Charles F"]
[Black "Povah, Nigel E"]
[Result "0-1"]
[WhiteElo "2124"]
[BlackElo "2287"]
[PlyCount "44"]
[EventDate "2017.03.04"]
[WhiteTeam "South Wales Dragons"]
[BlackTeam "Guildford 2"]

1. c4 e5 2. e3 Nf6 3. Nc3 Nc6 4. Nge2 d5 5. Nxd5 Nxd5 6. cxd5 Qxd5 7. Nc3 Qe6
8. Nb5 Qd7 9. a3 a6 10. Nc3 Be7 11. Be2 O-O 12. O-O Qd6 13. f4 exf4 14. Rxf4
Qh6 15. Rf2 f5 16. d4 Bg5 17. Qb3+ Kh8 18. Ne4 Be6 19. Qxb7 fxe4 20. Qxc6 Bxe3
21. Bxe3 Qxe3 22. Raf1 Rxf2 0-1

[Event "4NCL Division 1a"]
[Site "Telford, ENG"]
[Date "2017.03.04"]
[Round "7.38"]
[White "Kalaiyalahan, Akshaya"]
[Black "Jameson, David"]
[Result "1-0"]
[WhiteElo "2252"]
[BlackElo "2116"]
[PlyCount "39"]
[EventDate "2017.03.04"]
[WhiteTeam "Guildford 2"]
[BlackTeam "South Wales Dragons"]

1. d4 Nf6 2. c4 c5 3. d5 b5 4. cxb5 a6 5. bxa6 e6 6. dxe6 fxe6 7. e4 Nxe4 8.
Qh5+ g6 9. Qe5 Nf6 10. Bb5 Be7 11. Nf3 O-O 12. Bh6 Rf7 13. Ng5 Qa5+ 14. Nc3 Ng4
15. Qe4 Rxf2 16. Qxg4 Rxb2 17. Qf3 Kh8 18. O-O d5 19. Qf8+ Bxf8 20. Rxf8# 1-0

[Event "4NCL Division 1a"]
[Site "Telford, ENG"]
[Date "2017.03.04"]
[Round "7.41"]
[White "Bauer, Christian"]
[Black "Gormally, Daniel W"]
[Result "1-0"]
[WhiteElo "2642"]
[BlackElo "2473"]
[PlyCount "83"]
[EventDate "2017.03.04"]
[WhiteTeam "3Cs 1"]
[BlackTeam "Blackthorne Russia"]

1. e4 c5 2. Nc3 e6 3. Nf3 a6 4. d4 cxd4 5. Nxd4 b5 6. Bd3 Bb7 7. O-O Qc7 8. Re1
Bc5 9. Be3 Be7 10. Bd2 d6 11. a4 bxa4 12. Qh5 g6 13. Qh3 Nd7 14. Nxa4 Ngf6 15.
Bh6 Nc5 16. Nxc5 dxc5 17. Bg7 Rg8 18. Bxf6 Bxf6 19. e5 Be7 20. Nf3 h5 21. b3
Kf8 22. Qg3 g5 23. Nd2 Rd8 24. Qe3 c4 25. bxc4 Bc5 26. Qe2 Bd4 27. Rab1 g4 28.
Be4 Bc8 29. Nb3 Bxe5 30. g3 h4 31. Qe3 Bf6 32. Red1 hxg3 33. hxg3 Rxd1+ 34.
Rxd1 Qxc4 35. Na5 Qc7 36. Qh6+ Bg7 37. Qg5 Bd4 38. Qh6+ Bg7 39. Qh4 Bd7 40. Bc6
Qxa5 41. Rxd7 Qa1+ 42. Kg2 1-0

[Event "4NCL Division 1a"]
[Site "Telford, ENG"]
[Date "2017.03.04"]
[Round "7.42"]
[White "Ledger, Andrew J"]
[Black "Libiszewski, Fabien"]
[Result "1/2-1/2"]
[WhiteElo "2376"]
[BlackElo "2545"]
[PlyCount "86"]
[EventDate "2017.03.04"]
[WhiteTeam "Blackthorne Russia"]
[BlackTeam "3Cs 1"]

1. d4 Nf6 2. c4 g6 3. Nf3 Bg7 4. g3 O-O 5. Bg2 d6 6. O-O Nc6 7. Nc3 e5 8. d5
Nb8 9. h3 a5 10. a3 Bd7 11. Ne1 Na6 12. Rb1 Nc5 13. b4 axb4 14. axb4 Na4 15.
Bd2 Nh5 16. e4 f5 17. exf5 Nxc3 18. Bxc3 Bxf5 19. Ra1 Rxa1 20. Bxa1 Bd7 21. Nc2
Qa8 22. Ne3 Qa3 23. Qe1 Bh6 24. Ng4 Bxg4 25. hxg4 Nf6 26. f4 Nxg4 27. Bh3 Rxf4
28. Rxf4 Bxf4 29. Bxg4 Bxg3 30. Qc3 Qa2 31. Qxg3 Qxa1+ 32. Kg2 Qa2+ 33. Qf2
Qxc4 34. Be6+ Kg7 35. Qf7+ Kh6 36. Qf8+ Kh5 37. Qe7 h6 38. b5 b6 39. Qf7 Qc2+
40. Kg3 Qd3+ 41. Kg2 Qe2+ 42. Kg3 Qe3+ 43. Kg2 Qe2+ 1/2-1/2